Ünlü sinema rejisörleri, (Record no. 48318)
[ view plain ]
| 000 -LEADER | |
|---|---|
| fixed length control field | 00629cam a22002171 4500 |
| 001 - CONTROL NUMBER | |
| control field | ne 65001683 |
| 003 - CONTROL NUMBER IDENTIFIER | |
| control field | DLC |
| 005 - DATE AND TIME OF LATEST TRANSACTION | |
| control field | 20260227111816.0 |
| 008 - FIXED-LENGTH DATA ELEMENTS--GENERAL INFORMATION | |
| fixed length control field | 870426s1963 tu 000 0ctur |
| 010 ## - LIBRARY OF CONGRESS CONTROL NUMBER | |
| LC control number | ne 65001683 |
| 035 ## - SYSTEM CONTROL NUMBER | |
| System control number | (OCoLC)31121880 |
| 040 ## - CATALOGING SOURCE | |
| Original cataloging agency | DLC |
| Transcribing agency | CU |
| Modifying agency | DLC |
| 042 ## - AUTHENTICATION CODE | |
| Authentication code | premarc |
| 050 00 - LIBRARY OF CONGRESS CALL NUMBER | |
| Classification number | PN1998.A2 |
| Item number | T35 |
| 100 0# - MAIN ENTRY--PERSONAL NAME | |
| Personal name | Tarık Dursun K., |
| Dates associated with a name | 1931- |
| 245 10 - TITLE STATEMENT | |
| Title | Ünlü sinema rejisörleri, |
| Statement of responsibility, etc. | [yazan] T. Kakınç. |
| 260 ## - PUBLICATION, DISTRIBUTION, ETC. | |
| Place of publication, distribution, etc. | [İstanbul], |
| Date of publication, distribution, etc. | 1963. |
| 300 ## - PHYSICAL DESCRIPTION | |
| Extent | 141 p. |
| Dimensions | 20 cm. |
| 490 0# - SERIES STATEMENT | |
| Series statement | Elif Kitabevi yayınları ; |
| Volume/sequential designation | no. 9. |
| Series statement | Sinema dizisi ; |
| Volume/sequential designation | no. 2 |
| 650 #0 - SUBJECT ADDED ENTRY--TOPICAL TERM | |
| Topical term or geographic name entry element | Motion picture producers and directors. |
No items available.